| 000 | 00710nam a22002177i 4500 | ||
|---|---|---|---|
| 999 |
_c22826 _d22826 |
||
| 003 | AR-CdUCM | ||
| 008 | 240410b20222022 ||||| |||| 00| 0 spa d | ||
| 020 | _a978-612-48107-7-0 | ||
| 040 |
_aMUNICIPALIDAD PROVINCIAL DEL CUSCO _cBIBLIOTECA MUNICIPAL DEL CUSCO |
||
| 041 | _hspa | ||
| 082 |
_a869.56 / R7816AII _bR7816AII |
||
| 100 |
_aRojas Loyola, Lis Geraldine. _949526 |
||
| 245 | _aLas aventuras de la señorita Anger II / | ||
| 260 |
_aLima : _bL & R Consulting Corp., _c2022 |
||
| 300 |
_a258 Páginas. : _c20.5 cm. |
||
| 650 |
_aEspaña _9176 |
||
| 650 |
_aPanamá _910327 |
||
| 650 |
_aAnger retorna al Perú luego de presentar su libro _949541 |
||
| 942 |
_2ddc _cLIBROS |
||
| 945 |
_apbj _d2024-04-10 |
||